[Event "Bayern-chTT (Oberliga)"]
[Site "Bayern 2008/09"]
[Date "2009.03.15"]
[Round "8.6"]
[White "Scheckenbach, Franz"]
[Black "Pauli, Alexander Dr"]
[Result "1-0"]
[WhiteElo "2123"]
[BlackElo "2170"]
[PlyCount "83"]
[EventDate "2009.03.??"]
[EventType "team-tourn"]
[EventRounds "9"]
[WhiteTeam "Gröbenzell 1"]
[BlackTeam "Nürnberg-NT 1"]

1. e4 d6 2. d4 Nf6 3. Nc3 g6 4. Be3 a6 5. Qd2 b5 6. f3 Nbd7 7. a4 b4 8. Na2 a5
9. c3 c5 10. Bb5 bxc3 11. Nxc3 cxd4 12. Bxd4 Bg7 13. Nge2 O-O 14. O-O Bb7 15.
Rad1 Qc7 16. Qe1 Rfd8 17. Ng3 Nc5 18. Qf2 Rac8 19. Kh1 e5 20. Be3 d5 21. exd5
Nxd5 22. Nxd5 Rxd5 23. Rc1 Qe7 24. Ne2 Nd3 25. Rxc8+ Bxc8 26. Bxd3 Rxd3 27. Nc3
Ba6 28. Re1 Bf8 29. Ne4 f6 30. Bc5 Qe6 31. Bxf8 Kxf8 32. Nc5 Qc4 33. Nxd3 Qxd3
34. Qc5+ Kf7 35. Qxa5 h5 36. Qc7+ Ke6 37. Rc1 Qe2 38. Qc6+ Ke7 39. b4 h4 40. h3
Bd3 41. Qc7+ Ke6 42. Qc8+ 1-0

[Event "Bayern-chTT (Oberliga)"]
[Site "Bayern 2008/09"]
[Date "2009.03.15"]
[Round "8.7"]
[White "Heimrath, Reiner"]
[Black "Schmidt, Anton(61)"]
[Result "0-1"]
[WhiteElo "2179"]
[BlackElo "2054"]
[PlyCount "94"]
[EventDate "2009.03.??"]
[EventType "team-tourn"]
[EventRounds "9"]
[WhiteTeam "Nürnberg-NT 1"]
[BlackTeam "Gröbenzell 1"]

1. d4 Nf6 2. Nf3 c5 3. e3 g6 4. b3 Bg7 5. Bb2 cxd4 6. exd4 O-O 7. Bd3 d5 8. O-O
Nc6 9. a3 Nh5 10. Re1 Bg4 11. Be2 Nf4 12. Nbd2 Qb6 13. h3 Nxe2+ 14. Rxe2 Bf5
15. Nf1 Be4 16. N1h2 Rfd8 17. Ne5 Rac8 18. Nhf3 f6 19. Nxc6 Rxc6 20. Ne1 e5 21.
c4 Bf5 22. c5 Qc7 23. b4 Qb8 24. Qb3 e4 25. b5 Rcc8 26. Nc2 Kh8 27. Nb4 Be6 28.
a4 f5 29. Rd1 f4 30. Bc1 Rf8 31. Rxe4 dxe4 32. Qxe6 Rce8 33. Qg4 e3 34. fxe3
fxe3 35. Nd5 e2 36. Re1 Qd8 37. Nf4 Qxd4+ 38. Kh2 Be5 39. g3 Bxf4 40. gxf4 Qf2+
41. Qg2 Qxe1 42. Bb2+ Kg8 43. Qd5+ Rf7 44. Qd4 Qh1+ 45. Kxh1 e1=Q+ 46. Kg2 Re2+
47. Kf3 Qf1+ 0-1

[Event "Bayern-chTT (Oberliga)"]
[Site "Bayern 2008/09"]
[Date "2009.03.29"]
[Round "9.1"]
[White "Heika, Martin"]
[Black "Milov, Leonid"]
[Result "1/2-1/2"]
[WhiteElo "2384"]
[BlackElo "2487"]
[PlyCount "30"]
[EventDate "2009.03.??"]
[EventType "team-tourn"]
[EventRounds "9"]
[WhiteTeam "Regensburg-Fortuna 1"]
[BlackTeam "Nürnberg-NT 1"]

1. e4 c5 2. Nf3 e6 3. d4 cxd4 4. Nxd4 Nc6 5. Nc3 Qc7 6. f4 a6 7. Nb3 b5 8. Be3
Bb7 9. Qf3 Nf6 10. Bd3 d5 11. e5 d4 12. Nxd4 Nxd4 13. Qh3 Nd5 14. Nxd5 Nxc2+
15. Kf2 Bxd5 1/2-1/2

[Event "Bayern-chTT (Oberliga)"]
[Site "Bayern 2008/09"]
[Date "2009.03.29"]
[Round "9.4"]
[White "Epding, Olaf"]
[Black "Mandl, Robert"]
[Result "1/2-1/2"]
[WhiteElo "2157"]
[BlackElo "2200"]
[PlyCount "24"]
[EventDate "2009.03.??"]
[EventType "team-tourn"]
[EventRounds "9"]
[WhiteTeam "Nürnberg-NT 1"]
[BlackTeam "Regensburg-Fortuna 1"]

1. e4 e5 2. Nf3 Nc6 3. Bb5 Nf6 4. O-O Nxe4 5. Re1 Nd6 6. Nxe5 Nxe5 7. Rxe5+ Be7
8. Bd3 O-O 9. Nc3 c6 10. b3 Ne8 11. Bb2 d5 12. Qf3 Bf6 1/2-1/2

[Event "Bayern-chTT (Oberliga)"]
[Site "Bayern 2008/09"]
[Date "2009.03.29"]
[Round "9.7"]
[White "Gaydarzhy, Pavlo"]
[Black "Pauli, Alexander Dr"]
[Result "1/2-1/2"]
[WhiteElo "2120"]
[BlackElo "2170"]
[PlyCount "84"]
[EventDate "2009.03.??"]
[EventType "team-tourn"]
[EventRounds "9"]
[WhiteTeam "Regensburg-Fortuna 1"]
[BlackTeam "Nürnberg-NT 1"]

1. d4 d6 2. e4 Nf6 3. Nc3 g6 4. f4 Bg7 5. Nf3 c5 6. Bb5+ Nfd7 7. dxc5 dxc5 8.
a4 O-O 9. O-O a6 10. Bc4 Nc6 11. e5 Nb6 12. Bd3 Nd5 13. Be4 Nxc3 14. bxc3 Qa5
15. Qe1 Bf5 16. Ra3 Bxe4 17. Qxe4 Rac8 18. Be3 Kh8 19. Rb1 Nd8 20. Nd2 f6 21.
Nc4 Qc7 22. Nb6 Qc6 23. Qxc6 Rxc6 24. Nd7 Re8 25. Nxc5 fxe5 26. Nxb7 exf4 27.
Bxf4 Rxc3 28. Rxc3 Bxc3 29. Nxd8 Rxd8 30. Rb8 Rxb8 31. Bxb8 Kg7 32. Kf2 Kf6 33.
h3 Ke6 34. Ke3 Kd5 35. Kd3 Be1 36. Ba7 e6 37. Bd4 Kc6 38. Ke4 Kd6 39. c4 Bb4
40. g4 Ba3 41. Bg7 Ke7 42. Be5 Kd7 1/2-1/2

[Event "Bayern-chTT (Oberliga)"]
[Site "Bayern 2008/09"]
[Date "2009.03.29"]
[Round "9.8"]
[White "Heimrath, Reiner"]
[Black "Thanner, Hans-Peter"]
[Result "1/2-1/2"]
[WhiteElo "2194"]
[BlackElo "2032"]
[PlyCount "20"]
[EventDate "2009.03.??"]
[EventType "team-tourn"]
[EventRounds "9"]
[WhiteTeam "Nürnberg-NT 1"]
[BlackTeam "Regensburg-Fortuna 1"]

1. d4 d5 2. Nf3 Nf6 3. e3 e6 4. c4 dxc4 5. Bxc4 c5 6. O-O a6 7. a3 b5 8. Ba2
Bb7 9. Nbd2 Nbd7 10. Re1 Qb6 1/2-1/2

[Event "Bayern-chTT (Oberliga)"]
[Site "Bayern 2008/09"]
[Date "2009.03.29"]
[Round "9.1"]
[White "Taggatz, Mario"]
[Black "Terekhov, Andrey"]
[Result "0-1"]
[WhiteElo "2274"]
[BlackElo "2282"]
[PlyCount "50"]
[EventDate "2009.03.??"]
[EventType "team-tourn"]
[EventRounds "9"]
[WhiteTeam "Gröbenzell 1"]
[BlackTeam "München-Bayern 2"]

1. Nf3 Nf6 2. c4 g6 3. Nc3 Bg7 4. e4 d6 5. d4 O-O 6. Be2 e5 7. O-O Nbd7 8. Qc2
Nh5 9. Rd1 Nf4 10. Bf1 c5 11. dxe5 dxe5 12. Nd5 Ne6 13. Bd3 Nb8 14. Be3 Nc6 15.
Rab1 a5 16. a3 Bd7 17. b4 axb4 18. axb4 Nxb4 19. Nxb4 Ba4 20. Qb2 Bxd1 21. Rxd1
Qb6 22. Nxe5 Qxb4 23. Qxb4 cxb4 24. Nd7 Rfd8 25. Bc2 Ra2 0-1

[Event "Bayern-chTT (Oberliga)"]
[Site "Bayern 2008/09"]
[Date "2009.03.29"]
[Round "9.2"]
[White "Schneider, Stefan(11.77)"]
[Black "Rohrmueller, Ulrich"]
[Result "1/2-1/2"]
[WhiteElo "2346"]
[BlackElo "2275"]
[PlyCount "53"]
[EventDate "2009.03.??"]
[EventType "team-tourn"]
[EventRounds "9"]
[WhiteTeam "München-Bayern 2"]
[BlackTeam "Gröbenzell 1"]

1. d4 d5 2. c4 Nc6 3. Nc3 dxc4 4. Nf3 Nf6 5. Bg5 h6 6. Bh4 a6 7. e4 Bg4 8. d5
Ne5 9. Be2 Bxf3 10. gxf3 Nh5 11. Qd4 Qd6 12. Bg3 Nxg3 13. hxg3 Qf6 14. Qe3 Nd7
15. f4 e5 16. fxe5 Nxe5 17. f4 Nd7 18. Bxc4 Bc5 19. Qd3 Qd4 20. O-O-O Qxd3 21.
Bxd3 f6 22. Be2 O-O-O 23. Bh5 g5 24. Ne2 gxf4 25. gxf4 Rdg8 26. Rh2 Bd6 27. Rf2
1/2-1/2

[Event "Bayern-chTT (Oberliga)"]
[Site "Bayern 2008/09"]
[Date "2009.03.29"]
[Round "9.3"]
[White "Schuster, Karsten(73)"]
[Black "Schuette, Manfred"]
[Result "1/2-1/2"]
[WhiteElo "2196"]
[BlackElo "2297"]
[PlyCount "65"]
[EventDate "2009.03.??"]
[EventType "team-tourn"]
[EventRounds "9"]
[WhiteTeam "Gröbenzell 1"]
[BlackTeam "München-Bayern 2"]

1. d4 Nf6 2. c4 e6 3. Nc3 d5 4. cxd5 exd5 5. Bg5 c6 6. Qc2 Nbd7 7. e3 Be7 8.
Bd3 O-O 9. Nf3 Re8 10. O-O Nf8 11. Rab1 a5 12. a3 Ne4 13. Bxe7 Qxe7 14. b4 axb4
15. axb4 Ng6 16. b5 Bg4 17. Nd2 Nxd2 18. Qxd2 Be6 19. bxc6 bxc6 20. Rfc1 Rec8
21. Ne2 c5 22. dxc5 Rxc5 23. Bxg6 hxg6 24. Rxc5 Qxc5 25. Nf4 Qc4 26. Nxe6 fxe6
27. h3 Ra2 28. Rb2 Ra1+ 29. Kh2 Qc7+ 30. g3 Qc4 31. Rb8+ Kh7 32. Qb4 Rh1+ 33.
Kxh1 1/2-1/2

[Event "Bayern-chTT (Oberliga)"]
[Site "Bayern 2008/09"]
[Date "2009.03.29"]
[Round "9.4"]
[White "Braun, Christian Dr(67)"]
[Black "Zach, Andreas(60)"]
[Result "1/2-1/2"]
[WhiteElo "2185"]
[BlackElo "2248"]
[PlyCount "29"]
[EventDate "2009.03.??"]
[EventType "team-tourn"]
[EventRounds "9"]
[WhiteTeam "München-Bayern 2"]
[BlackTeam "Gröbenzell 1"]

1. d4 Nf6 2. c4 e5 3. dxe5 Ne4 4. Nf3 b6 5. Nbd2 Bb7 6. e3 g6 7. Be2 Bg7 8. O-O
a5 9. Nxe4 Bxe4 10. Qd4 Bb7 11. Rd1 Nc6 12. Qf4 O-O 13. Bd2 Qe7 14. Bc3 Rad8
15. a3 1/2-1/2

[Event "Bayern-chTT (Oberliga)"]
[Site "Bayern 2008/09"]
[Date "2009.03.29"]
[Round "9.5"]
[White "Kaunzinger, Albert"]
[Black "Christensen, Niels"]
[Result "0-1"]
[WhiteElo "2187"]
[BlackElo "2159"]
[PlyCount "78"]
[EventDate "2009.03.??"]
[EventType "team-tourn"]
[EventRounds "9"]
[WhiteTeam "Gröbenzell 1"]
[BlackTeam "München-Bayern 2"]

1. d4 Nf6 2. Bf4 c5 3. e3 Nd5 4. Bxb8 Rxb8 5. c4 Qa5+ 6. Nd2 Nf6 7. Ngf3 g6 8.
Bd3 d6 9. O-O Bg7 10. a3 Qc7 11. Qa4+ Bd7 12. Qxa7 O-O 13. dxc5 dxc5 14. Nb3
Rfc8 15. Qa5 Qxa5 16. Nxa5 Ba4 17. b3 Bd7 18. b4 Ne8 19. Rab1 b6 20. Nb3 Ra8
21. Rfd1 Nd6 22. e4 Rxa3 23. bxc5 bxc5 24. e5 Ba4 25. exd6 Bxb3 26. d7 Rd8 27.
Rxb3 Rxb3 28. Be4 Rc3 29. h3 Rxc4 30. Bd5 Ra4 31. Kh2 Ra6 32. Ng5 e6 33. Bc4
Be5+ 34. g3 Rd6 35. Re1 Bc3 36. Rc1 Bd2 37. Rd1 R6xd7 38. Ne4 Rd4 39. Nf6+ Kg7
0-1

[Event "Bayern-chTT (Oberliga)"]
[Site "Bayern 2008/09"]
[Date "2009.03.29"]
[Round "9.6"]
[White "Braun, Thomas Dr(57)"]
[Black "Scheckenbach, Franz"]
[Result "0-1"]
[WhiteElo "2080"]
[BlackElo "2123"]
[PlyCount "64"]
[EventDate "2009.03.??"]
[EventType "team-tourn"]
[EventRounds "9"]
[WhiteTeam "München-Bayern 2"]
[BlackTeam "Gröbenzell 1"]

1. d4 d5 2. c4 e6 3. Nc3 c5 4. cxd5 exd5 5. Nf3 Nc6 6. g3 Nf6 7. Bg2 Be7 8. O-O
O-O 9. Bg5 cxd4 10. Nxd4 h6 11. Be3 Re8 12. Rc1 Bg4 13. Re1 Qd7 14. Nxc6 bxc6
15. Na4 Bh3 16. Bf3 Bb4 17. Bd2 Bd6 18. Qc2 Rac8 19. Nc5 Bxc5 20. Qxc5 Ne4 21.
Qa5 Rb8 22. Bxe4 Rxe4 23. b3 Rb5 24. Qc3 Rb6 25. f3 d4 26. Qc5 Re6 27. Qh5 Rg6
28. Bf4 Rb5 29. Rc5 Bf5 30. Rec1 d3 31. exd3 Rxc5 32. Rxc5 Qd4+ 0-1

[Event "Bayern-chTT (Oberliga)"]
[Site "Bayern 2008/09"]
[Date "2009.03.29"]
[Round "9.7"]
[White "Schmidt, Anton(61)"]
[Black "Goetz, Martin(92)"]
[Result "0-1"]
[WhiteElo "2054"]
[BlackElo "1803"]
[PlyCount "114"]
[EventDate "2009.03.??"]
[EventType "team-tourn"]
[EventRounds "9"]
[WhiteTeam "Gröbenzell 1"]
[BlackTeam "München-Bayern 2"]

1. d4 d5 2. c4 c6 3. Nf3 Nf6 4. Nc3 e6 5. Bg5 Nbd7 6. e3 Qa5 7. cxd5 Nxd5 8.
Qd2 N7b6 9. e4 Nxc3 10. bxc3 Na4 11. Bd3 Qxc3 12. Qxc3 Nxc3 13. Bd2 Na4 14. O-O
Bd6 15. Rab1 O-O 16. Rfc1 Nb6 17. Bb4 Bxb4 18. Rxb4 Re8 19. a4 Nd7 20. a5 Rd8
21. Bf1 h6 22. h3 b6 23. e5 c5 24. dxc5 bxc5 25. Rb3 Kf8 26. Rcb1 Ke7 27. Bd3
a6 28. Be4 Ra7 29. Rc3 Rc7 30. Kh2 f6 31. exf6+ gxf6 32. Nd2 f5 33. Bf3 Nf6 34.
Nc4 Bd7 35. Ne5 Bb5 36. Rbc1 Rdc8 37. Rd1 Nd7 38. Re1 Rd8 39. Rce3 Kf6 40. Nc6
Re8 41. Bh5 Rec8 42. Rxe6+ Kg5 43. Ne5 Kxh5 44. f4 Rc6 45. g4+ fxg4 46. hxg4+
Kh4 47. Ng6+ Kxg4 48. Rg1+ Kf5 49. Rxc6 Rxc6 50. Ne7+ Kxf4 51. Nxc6 Bxc6 52.
Rg6 Ne5 53. Rf6+ Ke3 54. Kg3 c4 55. Re6 Kd4 56. Kf4 Nd3+ 57. Kf5 Bd7 0-1

[Event "Bayern-chTT (Oberliga)"]
[Site "Bayern 2008/09"]
[Date "2009.03.29"]
[Round "9.8"]
[White "Zivkovic, Djordje"]
[Black "Stocker, Rupert"]
[Result "0-1"]
[WhiteElo "1857"]
[BlackElo "2049"]
[PlyCount "114"]
[EventDate "2009.03.??"]
[EventType "team-tourn"]
[EventRounds "9"]
[WhiteTeam "München-Bayern 2"]
[BlackTeam "Gröbenzell 1"]

1. e4 e6 2. d4 d5 3. exd5 exd5 4. Nc3 Nf6 5. Bd3 Bg4 6. f3 Be6 7. Bg5 c5 8.
dxc5 Bxc5 9. Nge2 Nc6 10. a3 h6 11. Bxf6 Qxf6 12. Qd2 a6 13. Qf4 Qe7 14. O-O-O
Rd8 15. Rde1 O-O 16. Ng3 Bd6 17. Qd2 Qh4 18. Nce2 b5 19. Nf5 Bxf5 20. Bxf5 Qf6
21. Bd3 Bxa3 22. Qc3 Qxc3 23. Nxc3 Bb4 24. Rd1 g6 25. Ne2 Kg7 26. h4 Be7 27. h5
Ne5 28. Kb1 Bf6 29. Nf4 g5 30. Ne2 Nc4 31. Bxc4 dxc4 32. Ng3 Be5 33. Nf5+ Kh7
34. Rhe1 Bf6 35. Ng3 Rfe8 36. Ne4 Kg7 37. Nc5 Rxe1 38. Rxe1 Rd2 39. Nxa6 Rxg2
40. Nc7 b4 41. Nd5 b3 42. Ne3 bxc2+ 43. Kc1 Rh2 44. Nxc4 Rxh5 45. Kxc2 Rh2+ 46.
Kb3 Rf2 47. Re3 h5 48. Ka3 h4 49. b4 h3 50. b5 h2 51. Re1 Rxf3+ 52. Ka2 Rg3 53.
Rh1 Rg2+ 54. Kb3 g4 55. b6 Bd8 56. Kc3 Bxb6 57. Nxb6 g3 0-1

[Event "Bayern-chTT (Oberliga)"]
[Site "Bayern 2008/09"]
[Date "2009.03.29"]
[Round "9.1"]
[White "Barsov, Alexei"]
[Black "Baldauf, Marco"]
[Result "1-0"]
[WhiteElo "2492"]
[BlackElo "2292"]
[PlyCount "79"]
[EventDate "2009.03.??"]
[EventType "team-tourn"]
[EventRounds "9"]
[WhiteTeam "Krumbach 1"]
[BlackTeam "Pang/Ro.1"]

1. d4 d5 2. c4 c6 3. Nf3 Nf6 4. Nc3 dxc4 5. a4 Bf5 6. Ne5 Nbd7 7. Nxc4 Nb6 8.
Ne5 a5 9. e3 g6 10. Bd3 Bxd3 11. Nxd3 Bg7 12. Qb3 O-O 13. O-O Ne8 14. Ne5 Nd6
15. e4 c5 16. dxc5 Bxe5 17. Bh6 Re8 18. Rad1 Nd7 19. cxd6 Nc5 20. Qc4 exd6 21.
f4 Bh8 22. e5 Ne6 23. f5 gxf5 24. Rxf5 Qb6+ 25. Kh1 Qb4 26. Qe2 Bxe5 27. Qh5 f6
28. Rxe5 fxe5 29. Nd5 Qxa4 30. b3 Qxb3 31. Nf6+ Kh8 32. Nxe8 Qc2 33. Nxd6 Qg6
34. Qxe5+ Kg8 35. Nf5 Re8 36. Bc1 Ng7 37. Ne7+ Rxe7 38. Qxe7 h6 39. Qd8+ Kh7
40. Qd3 1-0

[Event "Bayern-chTT (Oberliga)"]
[Site "Bayern 2008/09"]
[Date "2009.03.29"]
[Round "9.2"]
[White "Blaskowski, Johannes"]
[Black "Vokac, Marek"]
[Result "1-0"]
[WhiteElo "2295"]
[BlackElo "2452"]
[PlyCount "139"]
[EventDate "2009.03.??"]
[EventType "team-tourn"]
[EventRounds "9"]
[WhiteTeam "Pang/Ro.1"]
[BlackTeam "Krumbach 1"]

1. e4 c5 2. Nf3 d6 3. d4 cxd4 4. Nxd4 Nf6 5. Nc3 a6 6. Bg5 e6 7. f4 Be7 8. Qf3
h6 9. Bh4 g5 10. fxg5 Nfd7 11. O-O-O Ne5 12. Qe2 Bxg5+ 13. Bxg5 hxg5 14. Nf3
Nbc6 15. Qd2 g4 16. Nxe5 Nxe5 17. Qxd6 Qxd6 18. Rxd6 b5 19. a3 Ke7 20. Rd2 Bb7
21. Bd3 Rh4 22. g3 Rh6 23. Rf2 Rah8 24. Kd2 Rh3 25. Bf1 Rxg3 26. Bg2 Nc4+ 27.
Kc1 Rxc3 28. bxc3 Nxa3 29. Rhf1 Rh7 30. e5 Bxg2 31. Rxg2 Nc4 32. Re1 Rh5 33.
Rxg4 Nxe5 34. Rg8 Nc6 35. Ra8 a5 36. Rd1 a4 37. c4 bxc4 38. Rxa4 Ne5 39. Ra7+
Kf6 40. Rf1+ Kg6 41. Rg1+ Kf5 42. Ra5 Kf6 43. Kd1 Rf5 44. Ke2 Rh5 45. h4 Kf5
46. Rg5+ Rxg5 47. hxg5 Ke4 48. c3 Kf4 49. Rc5 Ke4 50. Kf1 Kf4 51. Kg2 Nd3 52.
Rxc4+ Kxg5 53. Rd4 Nf4+ 54. Kf3 e5 55. Rd1 f5 56. c4 Ne6 57. Rd5 Kf6 58. c5
Nd4+ 59. Ke3 Ke6 60. Rd6+ Ke7 61. Rh6 Ne6 62. c6 Nc5 63. c7 f4+ 64. Ke2 Kd7 65.
c8=Q+ Kxc8 66. Rc6+ Kd7 67. Rxc5 Kd6 68. Ra5 Ke6 69. Kf3 Kf5 70. Rb5 1-0

[Event "Bayern-chTT (Oberliga)"]
[Site "Bayern 2008/09"]
[Date "2009.03.29"]
[Round "9.3"]
[White "Lang, Marc(69)"]
[Black "Vogel, Robert(57)"]
[Result "0-1"]
[WhiteElo "2275"]
[BlackElo "2207"]
[PlyCount "72"]
[EventDate "2009.03.??"]
[EventType "team-tourn"]
[EventRounds "9"]
[WhiteTeam "Krumbach 1"]
[BlackTeam "Pang/Ro.1"]

1. d4 Nf6 2. c4 c5 3. d5 e6 4. Nc3 exd5 5. cxd5 d6 6. e4 g6 7. Bd3 Bg7 8. h3
O-O 9. Nf3 b5 10. Nxb5 Re8 11. Nc3 Nxe4 12. Bxe4 Bxc3+ 13. bxc3 Rxe4+ 14. Be3
Ba6 15. Qc2 Qa5 16. a4 Nd7 17. Nd2 Nf6 18. Nxe4 Nxe4 19. Ra3 Nf6 20. Kd1 Bc4
21. Re1 Rb8 22. Bh6 Qb6 23. Kd2 Bxd5 24. Raa1 Be4 25. Qa2 Qa6 26. Re3 d5 27. f3
Bf5 28. Qa3 Qc4 29. Rae1 Qh4 30. Qxc5 Qxh6 31. Qd6 Nd7 32. g4 Be6 33. f4 Rb6
34. Qc7 Qg7 35. Qd8+ Qf8 36. Qc7 Qc5 0-1

[Event "Bayern-chTT (Oberliga)"]
[Site "Bayern 2008/09"]
[Date "2009.03.29"]
[Round "9.4"]
[White "Maurer, Jochen(80)"]
[Black "Riefner, Edwin"]
[Result "1-0"]
[WhiteElo "2164"]
[BlackElo "2234"]
[PlyCount "113"]
[EventDate "2009.03.??"]
[EventType "team-tourn"]
[EventRounds "9"]
[WhiteTeam "Pang/Ro.1"]
[BlackTeam "Krumbach 1"]

1. e4 e6 2. d4 d5 3. e5 c5 4. c3 Nc6 5. Nf3 Qb6 6. a3 c4 7. Nbd2 Na5 8. g3 Bd7
9. h4 Ne7 10. Bh3 h6 11. O-O O-O-O 12. h5 Kb8 13. Nh4 Rg8 14. Ng2 Nc8 15. Re1
Qc7 16. f4 g6 17. Kh2 Nb6 18. Ne3 Ba4 19. Qf3 Qe7 20. hxg6 fxg6 21. Qg4 Bd7 22.
Rb1 h5 23. Qh4 Qxh4 24. gxh4 Bh6 25. Ng2 Rde8 26. Nf3 Ba4 27. f5 Bxc1 28. f6
Bh6 29. f7 Bc2 30. Bxe6 Rgf8 31. fxe8=Q+ Rxe8 32. Bf7 Re7 33. e6 Bxb1 34. Rxb1
Nc6 35. Re1 Nd8 36. Ne5 Nxe6 37. Bxe6 Rxe6 38. Nd7+ Nxd7 39. Rxe6 Bc1 40. Ne3
Nb6 41. Nd1 g5 42. Kg3 Kc7 43. hxg5 Bxg5 44. Re5 h4+ 45. Kg4 Bd8 46. Re6 Kd7
47. Rh6 Na4 48. Kf5 Nb6 49. Ne3 a6 50. Rh8 Bc7 51. Rxh4 Bd6 52. Rh7+ Kc6 53.
Ke6 Bf4 54. Nf5 Bg5 55. Rg7 Bd8 56. Rg8 Kc7 57. Ne3 1-0

[Event "Bayern-chTT (Oberliga)"]
[Site "Bayern 2008/09"]
[Date "2009.03.29"]
[Round "9.5"]
[White "Kempter, Ronald"]
[Black "Wachinger, Guenther"]
[Result "1/2-1/2"]
[WhiteElo "2223"]
[BlackElo "2207"]
[PlyCount "32"]
[EventDate "2009.03.??"]
[EventType "team-tourn"]
[EventRounds "9"]
[WhiteTeam "Krumbach 1"]
[BlackTeam "Pang/Ro.1"]

1. Nf3 Nf6 2. g3 d5 3. Bg2 c6 4. O-O Bg4 5. d3 Nbd7 6. c4 dxc4 7. dxc4 e5 8.
Qc2 Be7 9. h3 Bh5 10. Nh4 O-O 11. g4 Bg6 12. Nxg6 hxg6 13. Rd1 Qc7 14. Nc3 Rfe8
15. b3 Nc5 16. Ba3 a5 1/2-1/2

[Event "Bayern-chTT (Oberliga)"]
[Site "Bayern 2008/09"]
[Date "2009.03.29"]
[Round "9.6"]
[White "Duer, Werner"]
[Black "Wild, Rudolf(63)"]
[Result "1/2-1/2"]
[WhiteElo "2216"]
[BlackElo "2205"]
[PlyCount "39"]
[EventDate "2009.03.??"]
[EventType "team-tourn"]
[EventRounds "9"]
[WhiteTeam "Pang/Ro.1"]
[BlackTeam "Krumbach 1"]

1. d4 Nf6 2. Nf3 e6 3. c4 Bb4+ 4. Bd2 Qe7 5. g3 b6 6. Bg2 Bb7 7. O-O Bxd2 8.
Nbxd2 d6 9. Qc2 Nbd7 10. e4 e5 11. d5 a5 12. Ne1 O-O 13. b3 g6 14. Bh3 Bc8 15.
Ng2 Nh5 16. Ne3 Qg5 17. Nf3 Qh6 18. Ng4 Qg7 19. Ne3 Qh6 20. Ng4 1/2-1/2

[Event "Bayern-chTT (Oberliga)"]
[Site "Bayern 2008/09"]
[Date "2009.03.29"]
[Round "9.7"]
[White "Egger, Thomas(58)"]
[Black "Keller, Manfred(45)"]
[Result "1/2-1/2"]
[WhiteElo "2156"]
[BlackElo "2122"]
[PlyCount "27"]
[EventDate "2009.03.??"]
[EventType "team-tourn"]
[EventRounds "9"]
[WhiteTeam "Krumbach 1"]
[BlackTeam "Pang/Ro.1"]

1. Nf3 Nf6 2. g3 g6 3. Bg2 Bg7 4. O-O O-O 5. c4 d5 6. d4 dxc4 7. Na3 c3 8. bxc3
c5 9. Nc4 Nc6 10. Bb2 Be6 11. Nfe5 cxd4 12. cxd4 Nxe5 13. Nxe5 Bd5 14. Bxd5
1/2-1/2

[Event "Bayern-chTT (Oberliga)"]
[Site "Bayern 2008/09"]
[Date "2009.03.29"]
[Round "9.8"]
[White "Lindenberg, Georg"]
[Black "Trassl, Franz"]
[Result "1/2-1/2"]
[WhiteElo "2086"]
[BlackElo "2111"]
[PlyCount "93"]
[EventDate "2009.03.??"]
[EventType "team-tourn"]
[EventRounds "9"]
[WhiteTeam "Pang/Ro.1"]
[BlackTeam "Krumbach 1"]

1. e4 g6 2. d4 Bg7 3. Nf3 d6 4. c3 c6 5. Bd3 Qc7 6. O-O Nf6 7. h3 O-O 8. Be3
Nbd7 9. Nbd2 e5 10. dxe5 Nxe5 11. Nxe5 dxe5 12. c4 Nh5 13. c5 Nf4 14. Bc4 Rd8
15. Qb3 Ne6 16. Bxe6 Bxe6 17. Qc2 Rd7 18. Rfd1 Rad8 19. Nb3 h6 20. Rxd7 Qxd7
21. Na5 f5 22. f3 Kh7 23. b3 f4 24. Bf2 g5 25. Kf1 h5 26. Ke2 g4 27. hxg4 hxg4
28. Rd1 Qc7 29. Rxd8 Qxd8 30. Nxb7 Qc7 31. Nd6 Qa5 32. fxg4 Bxg4+ 33. Kf1 Qd8
34. b4 Qg5 35. Nf5 f3 36. gxf3 Bxf3 37. Nh4 Bg4 38. b5 cxb5 39. c6 Bf8 40. Qc3
Qg8 41. c7 Bd6 42. Nf5 Bxf5 43. exf5 Qc8 44. Qh3+ Kg8 45. Qb3+ Kf8 46. Qxb5
Qxc7 47. Qd5 1/2-1/2

[Event "Bayern-chTT (Oberliga)"]
[Site "Bayern 2008/09"]
[Date "2009.03.29"]
[Round "9.2"]
[White "Feustel, Bernd"]
[Black "Seuffert, Gabriel"]
[Result "0-1"]
[WhiteElo "2239"]
[BlackElo "2242"]
[PlyCount "86"]
[EventDate "2009.03.??"]
[EventType "team-tourn"]
[EventRounds "9"]
[WhiteTeam "Königshofen 1"]
[BlackTeam "Würzburg 1"]

1. Nf3 c5 2. c4 e6 3. b3 Nf6 4. Bb2 b6 5. g3 Bb7 6. Bg2 Be7 7. O-O a6 8. e3 O-O
9. Qe2 Ra7 10. Rd1 Nc6 11. d4 cxd4 12. exd4 d5 13. Nc3 Na5 14. Rac1 Re8 15. c5
bxc5 16. dxc5 Nc6 17. Na4 a5 18. Qb5 Qc7 19. Nb6 Rd8 20. Qa4 Ne4 21. Nd2 Nxc5
22. Qg4 g6 23. Na4 Nd3 24. Bd4 Nxc1 25. Rxc1 Raa8 26. Bb6 Qd6 27. Bxd8 Rxd8 28.
Nc5 Ba8 29. a3 Qe5 30. Nd3 Qd4 31. Qe2 Bxa3 32. Rd1 Qf6 33. Nf4 Bd6 34. Nd3 Bb7
35. Qe3 Qd4 36. Qf3 Ba6 37. Nf1 Qc3 38. h4 Nd4 39. Qe3 Rc8 40. Rc1 Nc2 41. Qb6
Qc6 42. Qxc6 Rxc6 43. Ne1 Nd4 0-1

[Event "Bayern-chTT (Oberliga)"]
[Site "Bayern 2008/09"]
[Date "2009.03.29"]
[Round "9.3"]
[White "Rupp, Markus(73)"]
[Black "Studnicka, Tomas"]
[Result "0-1"]
[WhiteElo "2206"]
[BlackElo "2242"]
[PlyCount "88"]
[EventDate "2009.03.??"]
[EventType "team-tourn"]
[EventRounds "9"]
[WhiteTeam "Würzburg 1"]
[BlackTeam "Königshofen 1"]

1. d4 Nf6 2. c4 g6 3. Nc3 Bg7 4. e4 d6 5. Bd3 O-O 6. Nge2 e5 7. d5 Nh5 8. O-O
Nd7 9. Be3 f5 10. exf5 gxf5 11. f4 e4 12. Bc2 Ndf6 13. Bd4 c5 14. dxc6 bxc6 15.
Qd2 Be6 16. b3 Qe7 17. Nd1 d5 18. cxd5 Nxd5 19. Bxg7 Nxg7 20. Rc1 Rfd8 21. Qa5
Qb4 22. Qxb4 Nxb4 23. Bb1 Rd2 24. Nec3 Rad8 25. Ne3 Ne8 26. Rfd1 Nf6 27. Rxd2
Rxd2 28. Rd1 Rxd1+ 29. Ncxd1 Kf7 30. Kf2 Ke7 31. Ke2 Kd6 32. Kd2 Kc5 33. a3
Nbd5 34. b4+ Kb5 35. g3 Nxe3 36. Kxe3 Bb3 37. Nb2 c5 38. bxc5 Kxc5 39. h3 Nd5+
40. Kd2 Kd4 41. g4 fxg4 42. hxg4 Nxf4 43. Nd1 Nd5 44. Bxe4 Kxe4 0-1

[Event "Bayern-chTT (Oberliga)"]
[Site "Bayern 2008/09"]
[Date "2009.03.29"]
[Round "9.4"]
[White "Stross, Frantisek"]
[Black "Graef, Harald"]
[Result "1/2-1/2"]
[WhiteElo "2298"]
[BlackElo "2181"]
[PlyCount "58"]
[EventDate "2009.03.??"]
[EventType "team-tourn"]
[EventRounds "9"]
[WhiteTeam "Königshofen 1"]
[BlackTeam "Würzburg 1"]

1. e4 d5 2. exd5 Qxd5 3. Nc3 Qd6 4. d4 Nf6 5. Nf3 a6 6. g3 Bg4 7. Bg2 e6 8. h3
Bxf3 9. Qxf3 c6 10. Be3 Be7 11. O-O O-O 12. Ne4 Nxe4 13. Qxe4 Qd8 14. c4 Nd7
15. Qc2 Nf6 16. Rfd1 Rc8 17. Rac1 Qd7 18. Qb1 Rfd8 19. b4 h6 20. Qb3 Bf8 21. a4
b5 22. Ra1 Rb8 23. axb5 axb5 24. c5 Ra8 25. Ra3 Rxa3 26. Qxa3 Qb7 27. Ra1 Nd5
28. Bxd5 exd5 29. Qa6 Qd7 1/2-1/2